Gimson's pronunciation of English / (Record no. 1997)
[ view plain ]
| 000 -LEADER | |
|---|---|
| fixed length control field | 00826cam a2200241 i 4500 |
| 001 - CONTROL NUMBER | |
| control field | 17818091 |
| 005 - DATE AND TIME OF LATEST TRANSACTION | |
| control field | 20241209132522.0 |
| 008 - FIXED-LENGTH DATA ELEMENTS--GENERAL INFORMATION | |
| fixed length control field | 130719s2014 enka b 001 0 eng |
| 020 ## - INTERNATIONAL STANDARD BOOK NUMBER | |
| International Standard Book Number | 9780415721745 (hbk) |
| 020 ## - INTERNATIONAL STANDARD BOOK NUMBER | |
| International Standard Book Number | 9781444183092 (pbk) |
| 020 ## - INTERNATIONAL STANDARD BOOK NUMBER | |
| Canceled/invalid ISBN | 9780203784969 (ebk) |
| 050 00 - LIBRARY OF CONGRESS CALL NUMBER | |
| Classification number | PE1135 |
| Item number | .C78 2014 |
| 082 00 - DEWEY DECIMAL CLASSIFICATION NUMBER | |
| Classification number | 421/.58 |
| Edition information | 23 |
| 100 1# - MAIN ENTRY--PERSONAL NAME | |
| Personal name | Cruttenden, Alan, |
| Dates associated with a name | 1936- |
| Relator term | author. |
| 245 10 - TITLE STATEMENT | |
| Title | Gimson's pronunciation of English / |
| Statement of responsibility, etc. | Alan Cruttenden. |
| 250 ## - EDITION STATEMENT | |
| Edition statement | Eighth Edition. |
| 300 ## - PHYSICAL DESCRIPTION | |
| Extent | xxvi, 381 pages : |
| Other physical details | illustrations ; |
| Dimensions | 24 cm |
| 500 ## - GENERAL NOTE | |
| General note | Rev. ed. of: An introduction to the pronunciation of English. 4th ed. 1989. |
| 650 #0 - SUBJECT ADDED ENTRY--TOPICAL TERM | |
| Topical term or geographic name entry element | English language |
| General subdivision | Phonetics. |
| 650 #0 - SUBJECT ADDED ENTRY--TOPICAL TERM | |
| Topical term or geographic name entry element | English language |
| General subdivision | Pronunciation. |
| 700 12 - ADDED ENTRY--PERSONAL NAME | |
| Personal name | Gimson, A. C. |
| Title of a work | Introduction to the pronunciation of English. |
| 942 ## - ADDED ENTRY ELEMENTS (KOHA) | |
| Source of classification or shelving scheme | Library of Congress Classification |
| Koha item type | Books |
| Suppress in OPAC | No |
| 999 ## - | |
| -- | 1997 |
| -- | 1997 |
| Withdrawn status | Lost status | Source of classification or shelving scheme | Damaged status | Not for loan | Collection | Home library | Current library | Shelving location | Date acquired | Total checkouts | Full call number | Barcode | Date last seen | Copy number | Price effective from | Koha item type |
|---|---|---|---|---|---|---|---|---|---|---|---|---|---|---|---|---|
| Library of Congress Classification | Non-fiction | Business Library (Miotso) | Business Library (Miotso) | General stacks | 03/27/2026 | PE 1135 .C78 CRU | BSSM00003142 | 03/28/2026 | 2 | 03/27/2026 | Books | |||||
| Library of Congress Classification | Non-fiction | Business Library (Miotso) | Business Library (Miotso) | General stacks | 03/27/2026 | PE 1135 .C78 CRU | BSSM00003143 | 03/28/2026 | 3 | 03/27/2026 | Books | |||||
| Library of Congress Classification | Non-fiction | Business Library (Miotso) | Business Library (Miotso) | General stacks | 03/27/2026 | PE 1135 .C78 CRU | BSSM00003144 | 03/28/2026 | 4 | 03/27/2026 | Books | |||||
| Library of Congress Classification | Non-fiction | Undergraduate Library (Christ Temple) | Undergraduate Library (Christ Temple) | General stacks | 12/09/2024 | PE 1135.C78 CRU | ulct00000537 | 12/09/2024 | 1 | 12/09/2024 | Books |